00402nam a2200109Ia 4500008004100000020001500041082002100056100007900077245007600156260004100232300001900273210428s9999 xx 000 0 und d a0135705657 a660.2812 A5321 A aRichard Turton, Richard C. Bailie, Wallace B. Whiting, Joseph A. Shaeiwitz 0aAnalysis, synthesis, and design of chemical processes /cRichard Turton bPrentice Hall PTR,aNew Jerseyc1997 a814 p. ;24 cm.